000 00317nam a22001457a 4500
003 SGT
020 _a978-0571132423
082 _bCAS
100 _aCASTLE, MALCALM E
245 _aMODERN MILK PRODUCTION
260 _aNEW DELHI
_bFaber & Faber
_c1979
300 _a308
650 _aAGRICULTURE
942 _2ddc
_cBK
_01
999 _c13791
_d13791